| 000 | 01841nam0a2200337 4500 | ||
|---|---|---|---|
| 001 | RU\NLR\b_ik\137868 | ||
| 005 | 20250616225735.0 | ||
| 035 | _a(NLR Aleph) 002211109 | ||
| 090 |
_a3170464 _c3170464 |
||
| 100 | _a20051117d2004 |||y0rusy50 ca | ||
| 101 | 0 |
_aeng _drus |
|
| 102 | _aRU | ||
| 105 | _aa ||||||||| | ||
| 200 | 1 |
_aOn the possibilities of measuring the gluon distribution using "Y/Z°+jet" events at Tevatron run II and LHC _fD.V. Bandurin, N.B. Skachkov |
|
| 210 |
_aДубна _cИзд. отд. Объед. ин-та ядер. исслед. _d2004 |
||
| 215 |
_a5, [1] с. _cил. _d22 |
||
| 225 | 1 |
_aОбъединенный институт ядерных исследований, Дубна _vЕ1-2004-56 |
|
| 300 | _aНа 3-й с. обл.: О возможности измерения глюонного распределения с использованием событий "Y/Z°+струя" на тэватроне (сеанс II) и LHC / Бандурин Д.В., Скачков Н.Б. | ||
| 300 | _aРез. на рус. яз. | ||
| 320 | _aБиблиогр. в конце кн. (8 назв.) | ||
| 517 | 0 | _aО возможности измерения глюонного распределения с использованием событий "Y/Z°+струя" на тэватроне (сеанс II) и LHC | |
| 606 | 1 |
_aГлюоны _xРаспределение в протонах _92413052 _3RU\NLR\AUTH\661437586 |
|
| 606 | 1 |
_aLHC CERN, установка для ядерных исследований _92219474 _3RU\NLR\AUTH\661332824 |
|
| 686 | 4 | _aВ382.145 | |
| 700 | 1 |
_aBandurin _bD. V. _gDmitrij Vladimirovič _4070 |
|
| 701 | 1 |
_aSkačkov _bN. B. _f1945- _gNikolaj Borisovič _4070 |
|
| 801 | 0 |
_aRU _bNLR _c20051117 _gPSBO |
|
| 942 | _cBOOK | ||
| 980 | _aNB | ||